000 00818nam a22002177a 4500
999 _c5832
_d5832
003 AR-CdUCM
008 190313b ||||| |||| 00| 0 spa d
040 _aMUNICIPALIDAD PROVINCIAL DEL CUSCO
_cBIBLIOTECA MUNICIPAL DEL CUSCO
082 _a978.008 /
_bP1
100 _aPortuondo, José Antonio
_916632
245 _aBosquejo histórico de las letras Cubanas /
260 _aHabana :
_bMinisterio de relaciones exteriores,
_c1960.
300 _a79 paginas ;
_c24 cm.
_bfotografías,
500 _aDonación de la familia Nieto
505 _aContenido : Advertencia -- La factoría -- La tierra -- La patria -- El individuo -- La sociedad colonial ...
650 _aHistoria de cubana
_917271
650 _aLa sociedad cubana
_917272
650 _aHistoria americana
_915973
942 _2ddc
_cLIBROS
945 _arah